Principios de economía (Registro nro. 4680)

Detalles MARC
000 -Cabecera
Campo de control interno 00827nam a2200217Ia 4500
005 - Fecha y hora del registro
control field 20260323110549.0
008 - Elementos de Longitud Fija
fixed length control field 260306t2020||||xx |||||||||||||| ||spa||
041 ## - Idioma
Codigo Idioma ESP
082 ## - DEWEY y NOTACIÓN INTERNA
Dewey 330
Notación Interna M22P 2020
100 ## - AUTOR
Autor denominación Mankiw, N. Gregory
Término de relación autor
245 #0 - TÍTULO DE MATERIAL BIBLIOGRÁFICO
Título Principios de economía
260 ## - CIUDAD, EDITORIAL, AÑO
Año 2020
300 ## - DESCRIPCIÓN
N° Páginas xxxiv, 766 páginas :
Dimensiones 27 cm.
650 ## - TEMAS
Temas Generalidades
654 ## - PROGRAMAS
Programa Dpto. de Administración de Negocios
856 ## - URL - UBICACIÓN
URI/URL: Enlace exacto del recurso <a href="https://itmsp.museknowledge.com/UCSP?url=https://www.ebooks7-24.com:443/?il=10764&pg=1">https://itmsp.museknowledge.com/UCSP?url=https://www.ebooks7-24.com:443/?il=10764&pg=1</a>
Nota pública: Versión digital <a href="Versión digital">Versión digital</a>
856 ## - URL - UBICACIÓN
URI/URL: Enlace exacto del recurso <a href="https://0u213topd-y-https-ebooks7--24-com.itmsp.museknowledge.com/biblioteca.aspx">https://0u213topd-y-https-ebooks7--24-com.itmsp.museknowledge.com/biblioteca.aspx</a>
Nota pública: Versión digital <a href="Véase además: Base de datos Ebook7-24">Véase además: Base de datos Ebook7-24</a>
856 ## - URL - UBICACIÓN
URI/URL: Enlace exacto del recurso <a href="https://0u20ftopz-y-https-research-ebsco-com.itmsp.museknowledge.com/c/qxo6us/search">https://0u20ftopz-y-https-research-ebsco-com.itmsp.museknowledge.com/c/qxo6us/search</a>
Nota pública: Versión digital <a href="Véase además: Base de datos EBSCOhost">Véase además: Base de datos EBSCOhost</a>
942 ## - ELEMENTOS DE KOHA
Tipo de documento Libro
Nombre del creador Justo Noguera
Código de catalogador Justo Noguera
Esquema de clasificación Dewey Decimal Classification
Existencias
Codigo completo Registro Colección Copia número Disponibilidad Tipo de préstamo Biblioteca Actual Procedencia (Biblioteca) Ubicacón Fecha Ingreso Tipo de Adquisición Date last seen Total checkouts Date last checked out Price effective from Tipo de Item Estado del Material Fuente de Clasificación Damaged status Withdrawn status
330 M22P 2020 1074947 Universidad Católica San Pablo 1 Disponible Disponible Víctor Andrés Belaunde Víctor Andrés Belaunde Planta baja abierta 03/06/2026 Compra 31/03/2026 3 31/03/2026 06/03/2026 Libro Bueno Dewey Decimal Classification    
330 M22P 2020 1074847 Universidad Católica San Pablo 2 Disponible Disponible Víctor Andrés Belaunde Víctor Andrés Belaunde Planta baja abierta 03/06/2026 Compra 23/04/2026 2 23/04/2026 06/03/2026 Libro Bueno Dewey Decimal Classification